| 000 | 00698nam a2200253Ia 4500 | ||
|---|---|---|---|
| 008 | 160321s9999||||xx |||||||||||||| ||und|| | ||
| 040 | _cEnglish | ||
| 082 | _aXI.E/Bible | ||
| 082 | _bBORI-31576 | ||
| 245 | 4 | _aThe Holy Bible Containing the Old and New Testaments | |
| 260 | _aLondon | ||
| 260 | _bBritish anf Foreign Bible Society | ||
| 300 | _a802+246 | ||
| 300 | _cF | ||
| 300 | _eHardbound | ||
| 530 | _bGovt Of India | ||
| 530 | _u00023671.pdf | ||
| 563 | _aStudy | ||
| 630 | _aThe Holy Bible Containing the Old and New Testaments | ||
| 650 | _aGeneral Indology | ||
| 650 | _aReligion | ||
| 730 | _aThe Holy Bible Containing the Old and New Testaments | ||
| 942 | _cBOOK | ||
| 999 |
_c1360737 _d1360734 |
||